[Event "TUR-ch U13/18"]
[Site "Antalya"]
[Date "2023.01.23"]
[Round "2"]
[White "Sozat, Arda"]
[Black "Deniz, Yagiz Efe"]
[Result "0-1"]
[WhiteElo "1877"]
[BlackElo "1449"]
[PlyCount "104"]
[EventDate "2023.01.17"]
[EventType "swiss"]
[EventRounds "10"]
[EventCountry "TUR"]
[SourceTitle "EXT 2024"]
[Source "ChessBase"]
[SourceDate "2023.10.10"]
[SourceVersion "1"]
[SourceVersionDate "2023.10.10"]
[SourceQuality "1"]

1. e4 c5 2. Nf3 d6 3. Bb5+ Nd7 4. d4 cxd4 5. Qxd4 a6 6. Bxd7+ Bxd7 7. Nc3 e5 8. Qd3 Nf6 9. 0-0 h6 10. Rd1 Be7 11. Nd2 b5 12. Nf1 b4 13. Nd5 Bb5 14. Nxf6+ gxf6 15. Qg3 Be2 16. Rd2 Bxf1 17. Kxf1 Qc7 18. Qb3 Qb7 19. Rd5 Rc8 20. Bd2 a5 21. c3 f5 22. cxb4 axb4 23. Qxb4 Qa6+ 24. Kg1 fxe4 25. Qxe4 Qc6 26. Bb4 Qd7 27. h3 Rg8 28. Qd3 Rg6 29. Rd1 Rc6 30. Rxe5 Qb7 31. Rb5 Rb6 32. Rd5 Rxb4 33. b3 Kf8 34. Qc3 Bf6 35. Qe3 Be5 36. f3 Re6 37. Qd3 Qb6+ 38. Kh1 Rg6 39. Qc2 Kg7 40. R1d3 Rh4 41. Rd1 Qe3 42. Qc8 Qf2 43. R5d2 Qg3 44. Kg1 Rxh3 45. Kf1 Rh1+ 46. Ke2 Qxg2+ 47. Kd3 Qxf3+ 48. Kc2 Rxd1 49. Rxd1 Rg2+ 50. Rd2 Qe4+ 51. Kc1 Qe1+ 52. Kc2 Rxd2# 0-1

[Event "EU-ch Schools U13"]
[Site "Rhodes"]
[Date "2022.04.27"]
[Round "7"]
[White "Kostov, Troyan"]
[Black "Sozat, Arda"]
[Result "0-1"]
[WhiteElo "1439"]
[BlackElo "1591"]
[PlyCount "58"]
[EventDate "2022.04.21"]
[EventType "swiss"]
[EventRounds "9"]
[EventCountry "GRE"]
[SourceTitle "CBM 208 Extra"]
[Source "ChessBase"]
[SourceDate "2022.07.31"]
[SourceVersion "1"]
[SourceVersionDate "2022.07.31"]
[SourceQuality "1"]

1. e4 d5 2. exd5 Qxd5 3. c4 Qd6 4. Nc3 Nc6 5. a3 e5 6. Be2 Bf5 7. d3 0-0-0 8. Ne4 Bxe4 9. dxe4 Qg6 10. Qb3 Qxe4 11. Qh3+ f5 12. Nf3 Nd4 13. Nxd4 exd4 14. Qd3 Nf6 15. 0-0 Re8 16. Qxe4 fxe4 17. Bd2 Bd6 18. b4 b6 19. Rac1 c5 20. bxc5 Bxc5 21. a4 Rd8 22. Ra1 h5 23. a5 e3 24. fxe3 Ne4 25. exd4 Bxd4+ 26. Be3 Bxe3+ 27. Kh1 Nf2+ 28. Kg1 h4 29. axb6 Ne4+ 0-1

[Event "TUR-chT Clubs"]
[Site "Konya"]
[Date "2019.07.20"]
[Round "8.11"]
[White "Ersahince, Umut Utku"]
[Black "Sozat, Arda"]
[Result "0-1"]
[WhiteElo "1677"]
[BlackElo "1429"]
[PlyCount "89"]
[EventDate "2019.07.16"]
[EventType "team-swiss"]
[EventRounds "9"]
[EventCountry "TUR"]
[SourceTitle "CBM 191 Extra"]
[Source "ChessBase"]
[SourceDate "2019.09.30"]
[SourceVersion "1"]
[SourceVersionDate "2019.09.30"]
[SourceQuality "1"]
[WhiteTeam "Engin Gulec Genclik"]
[BlackTeam "Duzce Siyah Beyaz"]
[WhiteTeamCountry "TUR"]
[BlackTeamCountry "TUR"]

1. e4 d5 2. exd5 Nf6 3. Nf3 Nxd5 4. d4 Bf5 5. a3 e6 6. g3 Be7 7. Bg2 Nc6 8. Ne5 Nxe5 9. dxe5 0-0 10. 0-0 c6 11. h4 h6 12. Qe2 Qc7 13. b3 Rfd8 14. Bb2 Rd7 15. Nc3 Nxc3 16. Bxc3 Rad8 17. a4 Bc5 18. Rae1 Bd4 19. Bb4 c5 20. Bd2 Bxc2 21. Bxh6 Bd3 22. Qg4 Bxe5 23. h5 Bxf1 24. Kxf1 Rd4 25. f4 Rf8 26. Bg5 f6 27. Qxe6+ Qf7 28. Qg4 fxg5 29. Rxe5 Rd1+ 30. Re1 Rxe1+ 31. Kxe1 gxf4 32. gxf4 Rd8 33. h6 Rd4 34. Z0 Kf8 35. Z0 gxh6 36. Qh3 Qg6 37. Qc3 Qe6+ 38. Kf1 Qd6 39. Ke2 b6 40. Qf3 Rxf4 41. Qa8+ Kg7 42. Bd5 Kf6 43. Qh8+ Kg5 44. Qg7+ Kh4 45. Qf6+ 0-1

[Event "TUR-chT Clubs"]
[Site "Konya"]
[Date "2019.07.18"]
[Round "5.15"]
[White "Sozat, Arda"]
[Black "Gulbas, Isa"]
[Result "1/2-1/2"]
[WhiteElo "1429"]
[BlackElo "1486"]
[PlyCount "60"]
[EventDate "2019.07.16"]
[EventType "team-swiss"]
[EventRounds "9"]
[EventCountry "TUR"]
[SourceTitle "CBM 191 Extra"]
[Source "ChessBase"]
[SourceDate "2019.09.30"]
[SourceVersion "1"]
[SourceVersionDate "2019.09.30"]
[SourceQuality "1"]
[WhiteTeam "Duzce Siyah Beyaz"]
[BlackTeam "Edeler Gorme Engelliler"]
[WhiteTeamCountry "TUR"]
[BlackTeamCountry "TUR"]

1. e4 c5 2. d4 cxd4 3. c3 dxc3 4. Nxc3 Nc6 5. Nf3 d6 6. Bc4 e6 7. 0-0 Be7 8. Qe2 Nf6 9. Rd1 e5 10. h3 0-0 11. Be3 a6 12. Rac1 Bd7 13. Nd5 Nxd5 14. Bxd5 Rc8 15. Bxc6 Bxc6 16. Bc5 Qc7 17. Ba3 Qb8 18. Nxe5 dxe5 19. Bxe7 Rfe8 20. Bd6 Qa7 21. Qg4 f6 22. Rc3 b5 23. Rdc1 Qb7 24. Rc5 Bd7 25. Rxc8 Rxc8 26. Rxc8+ Bxc8 27. Qf3 Qc6 28. Qb3+ Kh8 29. Qf7 Qc1+ 30. Kh2 Qf4+ 1/2-1/2